000 00713nam a2200253 a 4500
005 20210219152911.0
008 991125n 000 0 eng u
035 _aUPN01000066265
100 _aCasper, Virginia
222 _aTEACHERS COLLEGE RECORD
245 _aBreaking the silences : lesbian and gay parents and the schools
300 _a109-137
362 _a1992 94, No. 1
505 _aMayo 1993
653 0 _aACTITUDES ESCOLARES
653 0 _aCAMBIO EDUCATIVO
653 0 _aDESCUBRIMIENTO DE SI MISMO (INDIVIDUO)
653 0 _aHOMOSEXUALIDAD
653 0 _aRELACION PADRES-ESCUELA
700 _aSchultz, Steven
700 _aWickens, Elaine
904 _aAC
_b004076
905 _aArticulo
999 _c63406
_d63406